000 00238nam a2200097Ia 4500
008 240331s9999 xx 000 0 und d
082 _a301
_bJOS
100 _aJoseph,R
245 0 _aAmaippiyam, amaippiya vathankal mayl amaippiyam
942 _cL
999 _c1076
_d1076